| Поле | Название | Значение |
| |
Тип записи |
a |
| |
Библиографический уровень |
m |
| 001 |
Контрольный номер |
LIBNET\0001396596 |
| 005 |
Дата корректировки |
20260630115208.7 |
| 010 |
Индекс ISBN |
__ |
| a |
ISBN |
978-5-227-11000-8 |
| 9 |
Тираж |
1000 экз. |
| b |
Уточнения |
в пер. |
| 100 |
Данные общей обработки |
__ |
| a |
Данные общей обработки |
20260526d2025 u y0rusy0189 ca |
| 101 |
Язык документа |
0_ |
| a |
Язык текста |
rus |
| 102 |
Страна публикации |
__ |
| a |
Страна публикации |
RU |
| 105 |
Кодированные данные (монография) |
__ |
| a |
Кодированные данные (монография) |
a z 001ay |
| 200 |
Заглавие и сведения об ответственности |
1_ |
| a |
Заглавие |
Колодец трех рек |
| f |
Первые сведения об ответственности |
Даниил Давыдов |
| e |
Сведения, относящиеся к заглавию |
Москва приоткрывает вам тайны своих подземелий |
| 203 |
Вид содержания и тип средства |
__ |
| a |
Вид содержания |
Текст |
| b |
Характеристика содержания |
визуальный |
| c |
Тип средства |
непосредственный |
| 210 |
Выходные данные |
1_ |
| a |
Место издания |
Москва |
| c |
Издательство |
Центрполиграф |
| d |
Дата издания |
2025 |
| 215 |
Физическое описание |
__ |
| a |
Объем |
253, [2] c. |
| c |
Иллюстрации/тип воспроизводства |
ил. |
| d |
Формат |
21 см |
| 320 |
Библиография |
__ |
| a |
Библиография |
Библиогр. в подстроч. примеч. |
| 330 |
Аннотация |
__ |
| a |
Аннотация |
Действие разворачивается в начале нулевых. Из выпуска новостей герой узнаёт о произошедшей трагедии: в московском подземелье погиб телеоператор, а режиссёр получил травмы, но выжил. Выясняется, съёмочная группа планировала снять сюжет о подземном водопаде. Событие запоминается юноше, ему хочется узнать об этом объекте как можно больше, а в одиночку это сделать нелегко… Но Даниле повезло, он знакомится с диггерами и становится частью их отчаянной команды. Оказывается, быть диггером не так-то просто: нужно многое знать, понимать взаимосвязь наземного города с подземным. Вместе с новыми друзьями герой делает первые шаги по тоннелям и коллекторам, которые удивляют, страшат и вдохновляют его. От своих товарищей Данила узнаёт легенду о якобы существующем где-то под Москвой мистическом объекте - "Колодце трёх рек", который и становится основной целью поисков бесстрашной команды...Эта приключенческая книга автобиографична. Практически все герои имеют реальных прототипов, некоторые имена изменены, а некоторые сохранены, если в повествовании речь идёт о произошедших в действительности событиях, отголоски которых сохранились в публикациях и новостных архивах. В тексте период изучения истории подземной Москвы, чтения лекций, проведения экскурсий, занявший в жизни автора 25 лет, сжат до одного года, в течение которого и разворачиваются описанные события. Это позволило сделать текст насыщенным, сконцентрированным и очень занимательным. |
| 333 |
Примечание о целевом назначении |
__ |
| a |
Примечание о целевом назначении |
16+ |
| 517 |
Другие варианты заглавия |
1_ |
| a |
Другие варианты заглавия |
Москва приоткрывает вам тайны своих подземелий |
| 606 |
Тематические рубрики |
0_ |
| a |
Основная рубрика |
Проза автобиографическая (х. л.) |
| 606 |
Тематические рубрики |
0_ |
| a |
Основная рубрика |
Подземные сооружения |
| x |
Основная подрубрика |
Тоннели |
| y |
Географическая подрубрика |
Москва, город |
| 610 |
Ключевые слова |
0_ |
| a |
Ключевые слова |
проза автобиографическая; диггеры; тоннели подземные; подземные тоннели Москвы; коллекторы; коллекторы подземные |
| 686 |
Индексы других классификаций |
__ |
| a |
Классификационный индекс |
84Р2-4 |
| 2 |
Код системы |
rubbk |
| 686 |
Индексы других классификаций |
__ |
| a |
Классификационный индекс |
63.48(2) |
| 2 |
Код системы |
rubbk |
| 700 |
Автор |
_1 |
| a |
Фамилия |
Давыдов |
| b |
Имя (инициалы) |
Д. Ю. |
| g |
Полное личное имя |
Даниил Юрьевич |
| 801 |
Источник записи |
_0 |
| a |
Страна |
RU |
| b |
Организация |
Новосибирская ГОНБ |
| c |
Дата составления |
20240424 |
| g |
Правила каталогизации |
rcr |
| 801 |
Источник записи |
_1 |
| a |
Страна |
RU |
| b |
Организация |
Новосибирская ГОНБ |
| c |
Дата составления |
20240424 |
| 2 |
Код формата |
rusmarc |
| 801 |
Источник записи |
_2 |
| a |
Страна |
RU |
| b |
Организация |
Ульяновская ОНБ |
| c |
Дата составления |
20260526 |
| g |
Правила каталогизации |
RCR |
| 900 |
Электронные ресурсы |
__ |
| a |
Имя электронного ресурса |
цп20260335 |
| 900 |
Электронные ресурсы |
__ |
| a |
Имя электронного ресурса |
цп20260336 |
| 901 |
Тип документа |
__ |
| t |
Тип документа |
m |
| 909 |
Создатель записи |
__ |
| a |
Создатель записи |
Макушик |
| b |
Дата создания записи |
20260526 |
| 910 |
Корректоры записи |
__ |
| a |
Корректор записи |
Пряхина |
| b |
Дата внесения изменения в запись |
20260630 |